| 000 | 00682nam a2200241Ia 4500 | ||
|---|---|---|---|
| 003 | OSt | ||
| 005 | 20220918190546.0 | ||
| 006 | a|||||r|||| 00| 0 | ||
| 007 | ta | ||
| 008 | 220917b |||||||| |||| 00| 0 eng d | ||
| 024 | _a57,688 | ||
| 037 | _cTextual | ||
| 040 |
_aARTS _cARTS _beng |
||
| 041 |
_2eng _aeng |
||
| 082 | _aP4497:(L14), N4 | ||
| 100 |
_aSarma D D _971234 |
||
| 245 | 0 |
_aLinguistic geography of Kumaun himalayas _b a descripive areal distribution of Kumauni language |
|
| 260 |
_aNew Delhi _bMittal _c1994 |
||
| 300 |
_a293p. _ccm. |
||
| 650 | _aLINGUISTICS | ||
| 942 |
_hP4497:(L14), N4 _cTEXL _2CC |
||
| 999 |
_c185815 _d185815 |
||